[Event "Zuerich Seniors op 08th"]
[Site "Zuerich"]
[Date "2010.02.??"]
[Round "?"]
[White "Naepflin, Reinhold"]
[Black "Duttweiler, Ruedi"]
[Result "0-1"]
[WhiteElo "1721"]
[BlackElo "1877"]
[PlyCount "96"]
[EventDate "2010.01.25"]
[EventType "swiss"]
[EventRounds "9"]
[EventCountry "SUI"]
[SourceTitle "EXT 2022"]
[Source "ChessBase"]
[SourceDate "2021.10.06"]
[SourceVersion "1"]
[SourceVersionDate "2021.10.06"]
[SourceQuality "1"]

1. e4 e6 2. d4 d5 3. Nd2 Nf6 4. e5 Nfd7 5. Bd3 c5 6. c3 Nc6 7. Ne2 f5 8. exf6 Nxf6 9. Nf3 cxd4 10. cxd4 Bb4+ 11. Bd2 Bxd2+ 12. Qxd2 0-0 13. 0-0 Qd6 14. Qf4 Qxf4 15. Nxf4 Ne4 16. Ne2 Bd7 17. Bxe4 dxe4 18. Nd2 Nb4 19. Nxe4 Bb5 20. N4c3 Bc6 21. Rad1 Nd5 22. Rd2 Rf6 23. Ng3 Nf4 24. f3 Raf8 25. Nge4 Rg6 26. Ng3 h5 27. Kh1 h4 28. Nge4 h3 29. g3 Nd5 30. f4 Nxc3 31. bxc3 Bxe4+ 32. Kg1 Bd5 33. Rc1 Rc8 34. Kf2 Rf6 35. Ke3 Rff8 36. Kd3 Rc4 37. Rb2 Rfc8 38. Re2 Ra4 39. Rec2 Bc4+ 40. Kd2 Rc6 41. Rb2 b5 42. Rcc2 Rca6 43. Ke3 Rxa2 44. Kd2 Rxb2 45. Rxb2 Ra2 46. Kc2 Rxb2+ 47. Kxb2 g5 48. Ka3 a5 0-1

[Event "Zuerich Seniors op 08th"]
[Site "Zuerich"]
[Date "2010.01.26"]
[Round "2"]
[White "Duttweiler, Ruedi"]
[Black "Lenzhofer, Bruno"]
[Result "1/2-1/2"]
[WhiteElo "1877"]
[BlackElo "2053"]
[PlyCount "48"]
[EventDate "2010.01.25"]
[EventType "swiss"]
[EventRounds "9"]
[EventCountry "SUI"]
[SourceTitle "EXT 2022"]
[Source "ChessBase"]
[SourceDate "2021.10.06"]
[SourceVersion "1"]
[SourceVersionDate "2021.10.06"]
[SourceQuality "1"]

1. e4 e6 2. d4 d5 3. Nd2 c5 4. exd5 exd5 5. Ngf3 Nc6 6. Bb5 Bd6 7. 0-0 Nge7 8. dxc5 Bxc5 9. Nb3 Bd6 10. Nbd4 0-0 11. Bg5 f6 12. Be3 Bg4 13. h3 Nxd4 14. Bxd4 Bh5 15. Be2 Re8 16. Bc3 a6 17. Re1 Qd7 18. Nd4 Bxe2 19. Rxe2 Nc6 20. Qd2 Rxe2 21. Nxe2 Be5 22. Bd4 Re8 23. c3 Qe6 24. Be3 Rd8 1/2-1/2

[Event "Zuerich op-B 26th"]
[Site "Zuerich"]
[Date "2002.??.??"]
[Round "1"]
[White "Cucchiani, Claudio"]
[Black "Duttweiler, Ruedi"]
[Result "1-0"]
[WhiteElo "1974"]
[BlackElo "1724"]
[PlyCount "35"]
[EventDate "2002.12.26"]
[EventType "swiss"]
[EventRounds "7"]
[EventCountry "SUI"]
[SourceTitle "EXT 2019"]
[Source "ChessBase"]
[SourceDate "2018.10.10"]
[SourceVersion "1"]
[SourceVersionDate "2018.10.10"]
[SourceQuality "1"]

1. d4 d5 2. c4 dxc4 3. Nf3 e6 4. Nc3 Nf6 5. Ne5 Be7 6. g3 0-0 7. Bg2 c5 8. e3 cxd4 9. exd4 Nd5 10. 0-0 a6 11. Nxc4 Nb6 12. Ne5 N8d7 13. Be3 Nxe5 14. dxe5 Nc4 15. Bd4 Nxb2 16. Qh5 Ba3 17. Ne4 Be7 18. Bxb2 1-0